Statystyki dla Ekstraklasa - kluby piłkarskie (Polish Football Clubs)

Kliknij tutaj aby rozwiązać quiz!

Ogólne statystyki

  • Ten quiz został rozwiązany 12,534 razy
  • Średni wynik to 10 z 16

Statystyki odpowiedzi

team name % Correct
Legia Warszawa
99%
Wisła Kraków
90%
Lech Poznań
87%
Lechia Gdańsk
84%
Śląsk Wrocław
65%
Pogoń Szczecin
63%
Zagłębie Lubin
62%
Górnik Zabrze
60%
Jagiellonia Białystok
57%
Polonia Warszawa
55%
Widzew Łódź
54%
Piast Gliwice
54%
Ruch Chorzów
53%
Korona Kielce
50%
Podbeskidzie Bielsko-Biała
30%
GKS Bełchatów
28%

Rozkład punktacji

Percentyl według liczby udzielonych odpowiedzi

Procent ludzi z każdym wynikiem

Twoja historia wyników

Nie rozwiązałeś tego quizu